Marschner's mineral nutrition of higher plants (Record no. 43014)

MARC details
000 -LEADER
fixed length control field 00575nam a2200217Ia 4500
020 ## - INTERNATIONAL STANDARD BOOK NUMBER
ISBN 9780123849052
082 ## - DEWEY DECIMAL CLASSIFICATION NUMBER
Classification number 631.81
Item number MAR
100 ## - MAIN ENTRY--AUTHOR NAME
Personal name Marschner, Petra
245 #0 - TITLE STATEMENT
Title Marschner's mineral nutrition of higher plants
250 ## - EDITION STATEMENT
Edition statement Ed.3
260 ## - PUBLICATION, DISTRIBUTION, ETC. (IMPRINT)
Place of publication Amsterdam
Name of publisher Elsevier
Year of publication 2012
650 ## - SUBJECT ADDED ENTRY--TOPICAL TERM
Topical Term Carbon fluxes
650 ## - SUBJECT ADDED ENTRY--TOPICAL TERM
Topical Term Macronutrients
650 ## - SUBJECT ADDED ENTRY--TOPICAL TERM
Topical Term Nutritional physiology
650 ## - SUBJECT ADDED ENTRY--TOPICAL TERM
Topical Term Plant diseases
650 ## - SUBJECT ADDED ENTRY--TOPICAL TERM
Topical Term Plant nutrition
650 ## - SUBJECT ADDED ENTRY--TOPICAL TERM
Topical Term Plant-soil relationship
650 ## - SUBJECT ADDED ENTRY--TOPICAL TERM
Topical Term Rhizosphere
942 ## - ADDED ENTRY ELEMENTS (KOHA)
Koha item type Books
Holdings
Withdrawn status Lost status Damaged status Not for loan Home library Current library Date acquired Cost, normal purchase price Full call number Accession Number Koha item type
        RRII Library RRII Library 16/12/2021 124.00 631.81 MAR 23278 Books